<?xml version="1.0" encoding="UTF-8"?>
<collection xmlns="http://www.loc.gov/MARC21/slim">
 <record>
  <leader>01218nam a22001937a 4500</leader>
  <controlfield tag="001">NCT_57728</controlfield>
  <controlfield tag="008">190115b        xxu||||| |||| 00| 0 vie d</controlfield>
  <datafield tag="999" ind1=" " ind2=" ">
   <subfield code="c">2791</subfield>
   <subfield code="d">2791</subfield>
  </datafield>
  <datafield tag="020" ind1=" " ind2=" ">
   <subfield code="a">9786048855260</subfield>
   <subfield code="c">215000</subfield>
  </datafield>
  <datafield tag="082" ind1="0" ind2="4">
   <subfield code="2">23rd ed.</subfield>
   <subfield code="a">913.04</subfield>
   <subfield code="b">C120N</subfield>
  </datafield>
  <datafield tag="245" ind1="0" ind2="0">
   <subfield code="a">Cẩm nang du lịch Nhật Bản</subfield>
   <subfield code="c">Dorling Kindersley Limited ; Quí Hiển (dịch)</subfield>
  </datafield>
  <datafield tag="260" ind1=" " ind2=" ">
   <subfield code="a">H.</subfield>
   <subfield code="b">Dân trí</subfield>
   <subfield code="c">2018</subfield>
  </datafield>
  <datafield tag="300" ind1=" " ind2=" ">
   <subfield code="a">408 tr.</subfield>
   <subfield code="b">Minh họa</subfield>
   <subfield code="c">22cm</subfield>
  </datafield>
  <datafield tag="520" ind1="3" ind2=" ">
   <subfield code="a">Cuốn cẩm nang này sẽ giúp bạn có được những trải nghiệm tuyệt vời nhất trong chuyến du lịch Nhật Bản với hàng loạt thông tin thực tiễn và gợi ý từ các chuyên gia. Phần Giới thiệu đất nước Nhật Bản sẽ vẽ ra cho bạn một hình dung về nước Nhật gắn với bối cảnh lịch sử và văn hóa.</subfield>
  </datafield>
  <datafield tag="653" ind1=" " ind2=" ">
   <subfield code="a">Quản trị DV Du lịch và Lữ hành</subfield>
  </datafield>
  <datafield tag="700" ind1="1" ind2=" ">
   <subfield code="a">Quí Hiển</subfield>
   <subfield code="e">Dịch</subfield>
  </datafield>
  <datafield tag="942" ind1=" " ind2=" ">
   <subfield code="2">ddc</subfield>
   <subfield code="c">BK</subfield>
  </datafield>
  <datafield tag="952" ind1=" " ind2=" ">
   <subfield code="0">0</subfield>
   <subfield code="1">0</subfield>
   <subfield code="2">ddc</subfield>
   <subfield code="4">0</subfield>
   <subfield code="6">913_040000000000000_C120N</subfield>
   <subfield code="7">0</subfield>
   <subfield code="9">15254</subfield>
   <subfield code="a">000001</subfield>
   <subfield code="b">000001</subfield>
   <subfield code="d">2019-01-15</subfield>
   <subfield code="o">913.04 C120N</subfield>
   <subfield code="p">MD.14113</subfield>
   <subfield code="r">2019-01-15</subfield>
   <subfield code="v">215000.00</subfield>
   <subfield code="w">2019-01-15</subfield>
   <subfield code="y">BK</subfield>
  </datafield>
  <datafield tag="980" ind1=" " ind2=" ">
   <subfield code="a">Thư viện Trường Đại học Nam Cần Thơ</subfield>
  </datafield>
 </record>
</collection>
